000 00561nam a22002177a 4500
003 UA-OsUOA
001 67131
007 ta
008 20100211b un ||||| |||| 00| 0 ukr d
090 _a297(5)
_bИ87
942 _cBK
040 _aUA-OsUOA
_brus
_cUA-OsUOA
_dUA-OsUOA
245 _aИслам в странах Ближнего и Среднего Востока
300 _a240 с.
955 _a2
041 _arus
080 _a297(5)
260 _aМ.
_c1982
650 7 _a29 Нехристиянські релігії
_2UDC
999 _c353373
_d353373